La Liga Nationalities - Statistics

General Stats
  • This quiz has been taken 417 times
  • The average score is 33 of 44
Answer Stats
# Player Country % Correct
34 Lionel Messi Argentina
99%
20 Antoine Griezmann France
99%
13 Cristiano Ronaldo Portugal
99%
273 Sergio Busquets Spain
99%
20 Marcelo Brazil
98%
14 Luis Suárez Uruguay
98%
5 Ivan Rakitic Croatia
96%
3 Toni Kroos Germany
95%
2 Carlos Vela Mexico
91%
1 Gareth Bale (*) Wales
91%
9 Luis Muriel Colombia
90%
5 Arda Turan Turkey
90%
4 Yannick Carrasco Belgium
89%
6 Simon Kjaer Denmark
89%
4 Keylor Navas Costa Rica
87%
8 Nordin Amrabat Morocco
86%
1 Denis Cheryshev Russia
85%
1 Jan Oblak Slovenia
85%
9 Nemanja Radoja Serbia
84%
1 Jasper Cillessen Netherlands
83%
2 Takashi Inui Japan
79%
1 Stanislav Lobotka Slovakia
78%
1 John Guidetti Sweden
78%
1 Fabian Schär Switzerland
77%
4 Ryad Boudebouz Algeria
74%
2 Amath Ndiaye Senegal
74%
3 Pablo Hernández Chile
72%
3 Thomas Ghana
71%
1 Stefan Savic Montenegro
71%
3 Antonio Sanabria Paraguay
70%
1 Przemyslaw Tyton Poland
70%
6 Franco Vázquez Italy
67%
4 Roberto Rosales Venezuela
65%
1 Jefferson Montero Ecuador
64%
1 Dimitrios Siovas Greece
64%
2 Olarenwaju Kayode Nigeria
63%
1 Cédric Bakambu D.R. Congo
62%
3 Florin Andone Romania
62%
2 Cheick Doukouré Côte d'Ivoire
57%
1 Mitchell Langerak Australia
46%
1 Enis Bardhi Macedonia
46%
1 Djené Togo
46%
1 Michael Olunga Kenya
25%
1 Claudio Beauvue (*) Guadeloupe
11%
No matching quizzes found
Score Distribution
Percent of People with Each Score
Percentile by Number Answered
Your Score History
You have not taken this quiz